مكتبة جامعة عجلون الوطنية

فهرس بحث المكتبة

استراتيجيات العمليات الانتاجية واثرهال على جودة المنتجات في مصانع الالبسة في المدن الصناعية الاردنية = Production Operations Strategies and Their impact on product Quality in jordanian industrial Cities Clothing Factories / الأردنية (Record no. 33579)

MARC details
000 -LEADER
fixed length control field 01113nam a22001937a 4500
003 - CONTROL NUMBER IDENTIFIER
control field JO-AjAnu
005 - DATE AND TIME OF LATEST TRANSACTION
control field 20240708105402.0
008 - FIXED-LENGTH DATA ELEMENTS--GENERAL INFORMATION
fixed length control field 240708b jo ||||| |||| 00| 0 ara d
040 ## - CATALOGING SOURCE
Original cataloging agency JO-AjAnu
Transcribing agency JO-AjAnu
041 ## - LANGUAGE CODE
Language code of text/sound track or separate title ARA
100 #1 - MAIN ENTRY--PERSONAL NAME
Personal name الهربيد، احمد فايز محمود
9 (RLIN) 66052
Relator term معد
245 0# - TITLE STATEMENT
Title استراتيجيات العمليات الانتاجية واثرهال على جودة المنتجات في مصانع الالبسة في المدن الصناعية الاردنية = Production Operations Strategies and Their impact on product Quality in jordanian industrial Cities Clothing Factories / الأردنية
Statement of responsibility, etc. اعداد احمد فايز محمود الهربيد ؛ إشراف بلال احمد المثاني
260 ## - PUBLICATION, DISTRIBUTION, ETC.
Date of publication, distribution, etc. 2024
300 ## - PHYSICAL DESCRIPTION
Extent 102 ورقة
500 ## - GENERAL NOTE
General note رسالة جامعية(ماجستير).- جامعة عجلون الوطنية ، كلية الاعمال، تخصص ادارة الاغعمال، 2010.
650 #0 - SUBJECT ADDED ENTRY--TOPICAL TERM
Topical term or geographic name entry element ادارة الانتاج
9 (RLIN) 66057
700 #1 - ADDED ENTRY--PERSONAL NAME
Personal name المثاني، بلال احمد
9 (RLIN) 65043
Relator term مشرف
942 ## - ADDED ENTRY ELEMENTS (KOHA)
Source of classification or shelving scheme Library of Congress Classification
Koha item type Thesis
Suppress in OPAC No
Holdings
Withdrawn status Lost status Source of classification or shelving scheme Damaged status Not for loan Home library Current library Date acquired Total Checkouts Full call number Barcode Date last seen Price effective from Koha item type
    Library of Congress Classification     مكتبة جامعة عجلون الوطنية مكتبة جامعة عجلون الوطنية 08/07/2024   HD57 2024 A29962 08/07/2024 08/07/2024 Thesis
    Library of Congress Classification     مكتبة جامعة عجلون الوطنية مكتبة جامعة عجلون الوطنية 08/07/2024   HD57 2024 A29963 08/07/2024 08/07/2024 Thesis